Statistiques concernant Top 15 des pays avec les décès de Covid-19 - 23 mars 2022

Cliquez ici pour prendre le quiz!

Statistiques générales

  • Ce quiz a été pris 33 fois
  • Le résultat moyen est 11 sur 26

Statistiques - réponses

pays% Correct
France
100%
États-Unis
94%
Italie
84%
Russie
81%
Allemagne
77%
Inde
77%
Brésil
74%
Mexique
74%
Royaume-Uni
71%
Argentine
61%
Pologne
58%
Indonésie
32%
Roumanie
32%
Colombie
29%
Iran
26%
Bulgarie
23%
Slovaquie
23%
Slovénie
23%
Hongrie
19%
Pérou
16%
Tchèquie
16%
Bosnie-Herzégovine
13%
Croatie
13%
Lituanie
10%
Macédoine du Nord
6%
Géorgie
3%

Distribution des résultats

Percentile par nombre de réponses

% des personnes avec chaque résultat

Votre développement - résultats

Vous n’avez pas pris ce quiz